[Event "EU-chT Seniors 50"]
[Site "Swidnica"]
[Date "2025.04.09"]
[Round "5.10"]
[White "Dickenson, Neil F"]
[Black "Stec, Czeslaw"]
[Result "1-0"]
[WhiteElo "2250"]
[BlackElo "1820"]
[PlyCount "47"]
[EventDate "2025.04.05"]
[EventType "team-tourn"]
[EventRounds "9"]
[EventCountry "POL"]
[SourceTitle "CB16_2025"]
[SourceDate "2025.04.16"]
[SourceVersion "1"]
[SourceVersionDate "2025.04.16"]
[SourceQuality "1"]
[WhiteTeam "England 50 II"]
[BlackTeam "Swidnica 50"]
[WhiteTeamCountry "ENG"]
[BlackTeamCountry "POL"]

1. d4 d5 2. Bf4 Nf6 3. e3 Bf5 4. c4 c6 5. Nc3 e6 6. Qb3 Qb6 7. c5 Qxb3 8. axb3 Nbd7 9. b4 Nh5 10. b5 Nxf4 11. exf4 f6 12. b4 e5 13. fxe5 fxe5 14. Nf3 Bg4 15. Nxe5 Nxe5 16. dxe5 g5 17. bxc6 bxc6 18. Ra6 Bd7 19. e6 Bxe6 20. Rxc6 Kf7 21. Be2 h5 22. 0-0 Bg7 23. Nb5 Bd7 24. Rc7 1-0

[Event "BCF-chT1b 1415 (4NCL)"]
[Site "England"]
[Date "2015.01.11"]
[Round "4.186"]
[White "Lee, Richard WY"]
[Black "Dickenson, Neil F"]
[Result "0-1"]
[WhiteElo "2147"]
[BlackElo "2289"]
[PlyCount "80"]
[EventDate "2014.11.15"]
[EventType "team-swiss"]
[EventRounds "11"]
[EventCountry "ENG"]
[SourceTitle "EXT 2016"]
[Source "ChessBase"]
[SourceDate "2015.10.08"]
[SourceVersion "1"]
[SourceVersionDate "2015.10.08"]
[SourceQuality "1"]
[WhiteTeam "Cambridge"]
[BlackTeam "Oxford"]
[WhiteTeamCountry "ENG"]
[BlackTeamCountry "ENG"]

1. e4 d6 2. d4 Nf6 3. Nc3 g6 4. Nf3 Bg7 5. h3 c5 6. Be3 cxd4 7. Nxd4 Nc6 8. Be2 Bd7 9. 0-0 0-0 10. Nb3 a5 11. a4 Nb4 12. Qd2 Rc8 13. f3 Be6 14. Nd4 Bc4 15. Rfd1 Nd7 16. Rac1 Bxe2 17. Ncxe2 Na6 18. Kh1 Nac5 19. b3 b6 20. Nc3 Nf6 21. Nd5 Nfxe4 22. fxe4 Nxe4 23. Qe1 e6 24. Nxe6 fxe6 25. Bxb6 Nf2+ 26. Bxf2 exd5 27. Rxd5 Be5 28. Bd4 Bxd4 29. Qe6+ Kh8 30. Rxd4 Qg5 31. Rcd1 Rxc2 32. Rg4 Qc5 33. Qxd6 Rf1+ 34. Kh2 Qg1+ 35. Kg3 Rxg2+ 36. Kh4 Qf2+ 37. Rg3 g5+ 38. Kh5 Qf7+ 39. Kxg5 Rf5+ 40. Kg4 Qh5# 0-1

[Event "BCF-chT2 1011 (4NCL)"]
[Site "England"]
[Date "2011.03.27"]
[Round "8.22"]
[White "Yeo, Michael J"]
[Black "Dickenson, Neil F"]
[Result "0-1"]
[WhiteElo "2172"]
[BlackElo "2313"]
[PlyCount "62"]
[EventDate "2010.11.06"]
[EventType "team-swiss"]
[EventRounds "11"]
[EventCountry "ENG"]
[SourceTitle "EXT 2012"]
[Source "ChessBase"]
[SourceDate "2011.11.24"]
[SourceVersion "1"]
[SourceVersionDate "2011.11.24"]
[SourceQuality "1"]
[WhiteTeam "Wessex"]
[BlackTeam "Jutes of Kent"]
[WhiteTeamCountry "ENG"]
[BlackTeamCountry "ENG"]

1. e4 e6 2. d4 d5 3. Nc3 Bb4 4. exd5 exd5 5. Bd3 Nc6 6. a3 Bxc3+ 7. bxc3 Nf6 8. Bg5 0-0 9. Qf3 Qe8+ 10. Ne2 Bg4 11. Qe3 Bxe2 12. Qxe2 Qxe2+ 13. Bxe2 Ne4 14. Bd2 Na5 15. f3 Nd6 16. Bf4 Rad8 17. Kf2 c6 18. Rhe1 Rfe8 19. Bxd6 Rxd6 20. Bd3 Rde6 21. Rxe6 Rxe6 22. Re1 Rxe1 23. Kxe1 b5 24. Ke2 g6 25. Ke3 Kg7 26. g4 g5 27. h4 gxh4 28. Kf2 Nc4 29. Bxc4 bxc4 30. Kg2 Kg6 31. f4 f5 0-1

[Event "BCF-chT1d 0910 (4NCL) Demotion pool"]
[Site "England"]
[Date "2010.05.02"]
[Round "10.3"]
[White "Redmond, John P"]
[Black "Dickenson, Neil F"]
[Result "1/2-1/2"]
[WhiteElo "2196"]
[BlackElo "2319"]
[PlyCount "153"]
[EventDate "2009.10.24"]
[EventType "team-tourn"]
[EventRounds "4"]
[EventCountry "ENG"]
[SourceTitle "EXT 2011"]
[Source "ChessBase"]
[SourceDate "2010.11.26"]
[SourceVersion "1"]
[SourceVersionDate "2010.11.26"]
[SourceQuality "1"]
[WhiteTeam "South Wales Dragons"]
[BlackTeam "Jutes of Kent"]
[WhiteTeamCountry "ENG"]
[BlackTeamCountry "ENG"]

1. c4 g6 2. e4 c5 3. Nf3 Bg7 4. d4 d6 5. Be2 Bg4 6. d5 Nf6 7. Nc3 0-0 8. Be3 Na6 9. 0-0 Nc7 10. Ng5 Bxe2 11. Qxe2 h6 12. Nh3 Qd7 13. f3 e5 14. Nf2 Nh5 15. Qd2 Kh7 16. Rab1 f5 17. exf5 gxf5 18. Nd3 b6 19. Kh1 Rg8 20. Qc2 Kh8 21. b4 cxb4 22. Nxb4 Bf8 23. Nc6 Qg7 24. f4 Nf6 25. Rb2 Ng4 26. Bg1 e4 27. Bd4 Nf6 28. Nd1 Qg6 29. Qc3 Nce8 30. Ne3 Kh7 31. a4 Ng4 32. Nxg4 Qxg4 33. a5 Bg7 34. Qa3 bxa5 35. Rb7 Qe2 36. Qc1 Kh8 37. Re1 Qg4 38. h3 Qg3 39. Re2 Bxd4 40. Nxd4 Ng7 41. Qb2 Qxf4 42. Ne6 Qe5 43. Qxe5 dxe5 44. Nc7 Rad8 45. c5 Nh5 46. Ra2 e3 47. d6 e2 48. Rb1 Nf4 49. Ra4 Nxg2 50. Raa1 f4 51. Ne6 Rd7 52. Nf8 Rf7 53. d7 Rfxf8 54. c6 e1Q+ 55. Rxe1 Nxe1 56. Rxe1 f3 57. c7 e4 58. Rc1 f2 59. c8Q f1Q+ 60. Rxf1 Rxc8 61. dxc8Q Rxc8 62. Rf7 Rc3 63. Kg2 a4 64. Rxa7 a3 65. Ra4 e3 66. Kf3 Kg7 67. Ra6 h5 68. h4 Kf7 69. Ke2 Ke7 70. Ra5 Kd6 71. Rxh5 Kc6 72. Ra5 Kb6 73. Ra8 Kb5 74. h5 Kb4 75. h6 Rc7 76. Kxe3 Kb3 77. Kf4 1/2-1/2

[Event "BCF-chT2 9798 (4NCL)"]
[Site "England"]
[Date "1998.05.23"]
[Round "9.1"]
[White "Dickenson, Neil F"]
[Black "Pigott, John C"]
[Result "0-1"]
[WhiteElo "2320"]
[BlackElo "2360"]
[PlyCount "50"]
[EventDate "1997.11.??"]
[EventType "team-tourn"]
[EventRounds "11"]
[EventCountry "ENG"]
[SourceTitle "EXT 1999"]
[Source "ChessBase"]
[SourceDate "1998.11.16"]
[SourceVersion "1"]
[SourceVersionDate "1998.11.16"]
[SourceQuality "1"]
[WhiteTeam "Invicta Knights Maidstone II"]
[BlackTeam "Coulsdon"]
[WhiteTeamCountry "ENG"]
[BlackTeamCountry "ENG"]

1. d4 Nf6 2. c4 e6 3. Nf3 b6 4. Nc3 Bb7 5. Bg5 h6 6. Bh4 g5 7. Bg3 Nh5 8. Be5 f6 9. Qc2 fxe5 10. Qg6+ Ke7 11. Qxh5 exd4 12. Nb5 Bg7 13. h4 Bxf3 14. exf3 a6 15. Qg6 Rg8 16. hxg5 axb5 17. gxh6 Bf6 18. Qh7+ Kf8 19. Qe4 d5 20. Qxe6 dxc4 21. h7 Rh8 22. 0-0-0 Qd6 23. Qc8+ Kf7 24. Qf5 Qe5 25. Qxe5 Bxe5 0-1

[Event "Politiken Cup 19th"]
[Site "Copenhagen"]
[Date "1997.07.13"]
[Round "8"]
[White "Bezold, Michael"]
[Black "Dickenson, Neil F"]
[Result "1-0"]
[WhiteElo "2490"]
[BlackElo "2310"]
[PlyCount "53"]
[EventDate "1997.07.??"]
[EventType "swiss"]
[EventRounds "11"]
[EventCountry "DEN"]
[SourceTitle "EXT 2000"]
[Source "ChessBase"]
[SourceDate "1999.11.16"]
[SourceVersion "1"]
[SourceVersionDate "1999.11.16"]
[SourceQuality "1"]

1. c4 g6 2. g3 Bg7 3. Bg2 e5 4. Nc3 d6 5. e4 Be6 6. d3 Nc6 7. Nge2 Qd7 8. Be3 h5 9. 0-0 Bh3 10. Bxh3 Qxh3 11. f3 Qd7 12. Qd2 f5 13. Nd5 h4 14. Bg5 hxg3 15. hxg3 Rh5 16. exf5 gxf5 17. Kg2 f4 18. gxf4 Qh3+ 19. Kf2 exf4 20. Ndxf4 Qh2+ 21. Ng2 Kd7 22. Rh1 Qxh1 23. Rxh1 Rxh1 24. Qf4 Ne5 25. Qf5+ Kc6 26. d4 Nxc4 27. Qf7 1-0

[Event "Politiken Cup 19th"]
[Site "Copenhagen"]
[Date "1997.07.08"]
[Round "4"]
[White "Gikas, Andreas Basilius"]
[Black "Dickenson, Neil F"]
[Result "0-1"]
[WhiteElo "2145"]
[BlackElo "2310"]
[PlyCount "76"]
[EventDate "1997.07.??"]
[EventType "swiss"]
[EventRounds "11"]
[EventCountry "DEN"]
[SourceTitle "EXT 2000"]
[Source "ChessBase"]
[SourceDate "1999.11.16"]
[SourceVersion "1"]
[SourceVersionDate "1999.11.16"]
[SourceQuality "1"]

1. e4 e6 2. d4 d5 3. Nc3 Nf6 4. e5 Nfd7 5. f4 c5 6. Nf3 Nc6 7. Be3 cxd4 8. Nxd4 Bc5 9. Qd2 0-0 10. 0-0-0 a6 11. h4 Qc7 12. Qf2 Nxd4 13. Bxd4 b5 14. Bd3 b4 15. Ne2 a5 16. Bb5 Bxd4 17. Qxd4 Nc5 18. Kb1 Ba6 19. Bxa6 Rxa6 20. g4 Ne4 21. Rh2 Rc8 22. Rc1 Rc6 23. Qd3 a4 24. Nd4 Rc4 25. g5 Qb6 26. Ne2 Qa5 27. h5 b3 28. c3 Nc5 29. Qd1 bxa2+ 30. Kxa2 Nb3 31. Rb1 Rb8 32. g6 fxg6 33. hxg6 h6 34. Qc2 d4 35. Qd3 Qd5 36. Ka3 Nc5 37. Qd2 d3 38. Nd4 Rxd4 0-1

[Event "BCF-chT 9697 (4NCL)"]
[Site "England"]
[Date "1997.02.23"]
[Round "8.4"]
[White "Dickenson, Neil F"]
[Black "Cobb, Charles"]
[Result "0-1"]
[WhiteElo "2300"]
[BlackElo "2260"]
[PlyCount "56"]
[EventDate "1996.10.??"]
[EventType "team-tourn"]
[EventRounds "12"]
[EventCountry "ENG"]
[SourceTitle "EXT 1999"]
[Source "ChessBase"]
[SourceDate "1998.11.16"]
[SourceVersion "1"]
[SourceVersionDate "1998.11.16"]
[SourceQuality "1"]
[WhiteTeam "Invicta Knights Maidstone"]
[BlackTeam "Witney"]
[WhiteTeamCountry "ENG"]
[BlackTeamCountry "ENG"]

1. d4 e6 2. e4 d5 3. exd5 exd5 4. Nf3 Nf6 5. Bd3 Be7 6. 0-0 0-0 7. h3 Be6 8. c3 c5 9. dxc5 Bxc5 10. Nbd2 Bd6 11. Nb3 Qc7 12. Re1 Nc6 13. Bf1 Ne4 14. Be3 f5 15. Bd4 Rae8 16. a4 g5 17. Rxe4 fxe4 18. Nxg5 h6 19. Bb5 Bf7 20. Nxf7 Qxf7 21. Be3 Kh7 22. Nd4 Rc8 23. Be2 Nxd4 24. cxd4 Bf4 25. Bh5 Qf6 26. Qg4 Bxe3 27. fxe3 Rc7 28. Qe2 Rfc8 0-1

[Event "BCF-chT 9697 (4NCL)"]
[Site "England"]
[Date "1997.??.??"]
[Round "10.7"]
[White "Dickenson, Neil F"]
[Black "Ferguson, Mark"]
[Result "1-0"]
[WhiteElo "2300"]
[BlackElo "2385"]
[PlyCount "91"]
[EventDate "1996.10.??"]
[EventType "team-tourn"]
[EventRounds "12"]
[EventCountry "ENG"]
[SourceTitle "EXT 1999"]
[Source "ChessBase"]
[SourceDate "1998.11.16"]
[SourceVersion "1"]
[SourceVersionDate "1998.11.16"]
[SourceQuality "1"]
[WhiteTeam "Invicta Knights Maidstone"]
[BlackTeam "Midland Monarchs"]
[WhiteTeamCountry "ENG"]
[BlackTeamCountry "ENG"]

1. d4 d5 2. c4 c6 3. Nf3 Nf6 4. Nc3 e6 5. Bg5 h6 6. Bh4 dxc4 7. e4 g5 8. Bg3 b5 9. a4 b4 10. Nb1 Nxe4 11. Be5 f6 12. Qc2 fxe5 13. Qxe4 Qf6 14. Nxe5 Qf5 15. Qxf5 exf5 16. Bxc4 Rh7 17. 0-0 Bd6 18. Re1 Re7 19. Nd2 Bxe5 20. Rxe5 Rxe5 21. dxe5 Ke7 22. Nf3 Be6 23. Rc1 f4 24. a5 Bxc4 25. Rxc4 Ke6 26. Rxb4 c5 27. Rb7 g4 28. Ne1 Nc6 29. Nd3 Nxa5 30. Rb5 Rd8 31. Nxf4+ Kf5 32. g3 Nc4 33. e6 Kf6 34. Rxc5 Nxb2 35. Rc7 Rd1+ 36. Kg2 Re1 37. Rf7+ Kg5 38. h4+ gxh3+ 39. Nxh3+ Kg6 40. Nf4+ Kg5 41. Rxa7 Nc4 42. Rg7+ Kf5 43. Rh7 Kg5 44. e7 Nd6 45. Nd5 Nf5 46. Rh8 1-0

[Event "BCF-chT 9697 (4NCL)"]
[Site "England"]
[Date "1996.11.24"]
[Round "4.6"]
[White "Saunders, John C"]
[Black "Dickenson, Neil F"]
[Result "0-1"]
[WhiteElo "2240"]
[BlackElo "2300"]
[PlyCount "56"]
[EventDate "1996.10.??"]
[EventType "team-tourn"]
[EventRounds "12"]
[EventCountry "ENG"]
[SourceTitle "EXT 1999"]
[Source "ChessBase"]
[SourceDate "1998.11.16"]
[SourceVersion "1"]
[SourceVersionDate "1998.11.16"]
[SourceQuality "1"]
[WhiteTeam "SW Dragons"]
[BlackTeam "Invicta Knights Maidstone"]
[WhiteTeamCountry "ENG"]
[BlackTeamCountry "ENG"]

1. c4 g6 2. Nf3 Bg7 3. g3 e5 4. Nc3 f5 5. d3 d6 6. Bg2 Nf6 7. 0-0 0-0 8. Rb1 a5 9. a3 c6 10. e4 Kh8 11. b4 axb4 12. axb4 Nh5 13. Ne1 f4 14. Bf3 Qe8 15. Ng2 Bh3 16. Ne2 g5 17. Bxh5 Qxh5 18. f3 g4 19. Nexf4 exf4 20. fxg4 Bxg4 21. Qb3 Bd4+ 22. Kh1 f3 23. Nf4 Rxf4 24. Bxf4 Bh3 25. Rf2 Bg2+ 26. Rxg2 fxg2+ 27. Kxg2 Qe2+ 28. Kh3 Ra2 0-1

[Event "4NCL 9495 2nd Season"]
[Site "England"]
[Date "1995.03.19"]
[Round "10.4"]
[White "Dickenson, Neil F"]
[Black "Sowray, Peter John"]
[Result "1/2-1/2"]
[WhiteElo "2315"]
[BlackElo "2325"]
[PlyCount "94"]
[EventDate "1994.10.01"]
[EventType "team-tourn"]
[EventRounds "11"]
[EventCountry "GBR"]
[SourceTitle "EXT 2022"]
[Source "ChessBase"]
[SourceDate "2021.10.06"]
[SourceVersion "1"]
[SourceVersionDate "2021.10.06"]
[SourceQuality "1"]
[WhiteTeam "Invicta Knights Maidstone"]
[BlackTeam "Wood Green"]
[WhiteTeamCountry "ENG"]
[BlackTeamCountry "ENG"]

1. d4 g6 2. c4 Bg7 3. Nc3 d6 4. e4 Nd7 5. Bg5 h6 6. Be3 c5 7. d5 Qa5 8. Qd2 Ngf6 9. h3 0-0 10. Nge2 Kh7 11. Ng3 a6 12. Be2 Rb8 13. a4 b5 14. cxb5 Ne8 15. 0-0 Nc7 16. f4 Qb4 17. e5 Nb6 18. f5 Nbxd5 19. f6 exf6 20. exd6 Nxe3 21. Qxe3 Ne6 22. Rad1 f5 23. Qc1 Qh4 24. Nh1 Bb7 25. bxa6 Ba8 26. Bf3 Bd4+ 27. Kh2 Be5+ 28. Kg1 Bd4+ 29. Kh2 Be5+ 30. Kg1 Rb4 31. Bxa8 Rxa8 32. d7 Ng5 33. Rd3 Rg4 34. Nf2 Rg3 35. Ne2 Nxh3+ 36. Nxh3 Rxd3 37. Qxc5 Bd4+ 38. Nxd4 Qxd4+ 39. Qxd4 Rxd4 40. b4 Rxb4 41. Rc1 Rbb8 42. Rc7 Rxa6 43. Rc8 Rb1+ 44. Kh2 Rd1 45. d8Q Rxd8 46. Rxd8 Rxa4 47. Nf2 Ra2 1/2-1/2

[Event "4NCL 9495 2nd Season"]
[Site "England"]
[Date "1995.03.18"]
[Round "9.4"]
[White "Webb, Richard M"]
[Black "Dickenson, Neil F"]
[Result "0-1"]
[WhiteElo "2320"]
[BlackElo "2315"]
[PlyCount "50"]
[EventDate "1994.10.01"]
[EventType "team-tourn"]
[EventRounds "11"]
[EventCountry "GBR"]
[SourceTitle "EXT 2022"]
[Source "ChessBase"]
[SourceDate "2021.10.06"]
[SourceVersion "1"]
[SourceVersionDate "2021.10.06"]
[SourceQuality "1"]
[WhiteTeam "Slough"]
[BlackTeam "Invicta Knights Maidstone"]
[WhiteTeamCountry "ENG"]
[BlackTeamCountry "ENG"]

1. e4 e6 2. d3 d5 3. Nd2 Nf6 4. Ngf3 Nc6 5. g3 dxe4 6. dxe4 e5 7. Bg2 Bc5 8. 0-0 0-0 9. c3 a5 10. Qc2 b6 11. Nc4 Ba6 12. Rd1 Qe7 13. Ne3 Rad8 14. Nd5 Nxd5 15. exd5 e4 16. Ne1 Ne5 17. Be3 Bxe3 18. fxe3 f5 19. b3 Ng4 20. Qd2 Qg5 21. Nc2 Bd3 22. Nd4 Qxe3+ 23. Qxe3 Nxe3 24. Rd2 Nxg2 25. Kxg2 Rxd5 0-1

[Event "Maidstone Menchik op"]
[Site "Maidstone"]
[Date "1994.??.??"]
[Round "4"]
[White "Dickenson, Neil F"]
[Black "Emms, John M"]
[Result "0-1"]
[WhiteElo "2250"]
[BlackElo "2525"]
[PlyCount "56"]
[EventDate "1994.??.??"]
[EventType "swiss"]
[EventRounds "9"]
[EventCountry "ENG"]
[SourceTitle "EXT 1997"]
[Source "ChessBase"]
[SourceDate "1996.11.15"]
[SourceVersion "1"]
[SourceVersionDate "1996.11.15"]
[SourceQuality "1"]

1. d4 Nf6 2. c4 e6 3. Nc3 Bb4 4. e3 0-0 5. Bd3 c5 6. a3 Bxc3+ 7. bxc3 Nc6 8. Ne2 b6 9. e4 Ne8 10. 0-0 Ba6 11. f4 f5 12. Ng3 g6 13. dxc5 bxc5 14. exf5 exf5 15. Be3 Qa5 16. Rb1 Rf7 17. Qf3 Rc8 18. Rfe1 Ne7 19. Bd2 Qa4 20. Re5 Ng7 21. Qe2 Ne6 22. h4 Nc6 23. Rd5 Na5 24. h5 Bxc4 25. hxg6 hxg6 26. Bxc4 Qxc4 27. Qxc4 Nxc4 28. Rb7 d6 0-1

[Event "Maidstone Menchik op"]
[Site "Maidstone"]
[Date "1994.??.??"]
[Round "2"]
[White "Dickenson, Neil F"]
[Black "McDonald, Neil R"]
[Result "1/2-1/2"]
[WhiteElo "2250"]
[BlackElo "2390"]
[PlyCount "80"]
[EventDate "1994.??.??"]
[EventType "swiss"]
[EventRounds "9"]
[EventCountry "ENG"]
[SourceTitle "EXT 1997"]
[Source "ChessBase"]
[SourceDate "1996.11.15"]
[SourceVersion "1"]
[SourceVersionDate "1996.11.15"]
[SourceQuality "1"]

1. d4 d5 2. c4 e6 3. Nc3 Be7 4. Nf3 Nf6 5. Bg5 h6 6. Bh4 0-0 7. e3 Ne4 8. Bxe7 Qxe7 9. Qb3 Nxc3 10. Qxc3 dxc4 11. Bxc4 b6 12. Rc1 Bb7 13. Bd3 c5 14. dxc5 Rc8 15. b4 a5 16. a3 axb4 17. axb4 bxc5 18. bxc5 Nd7 19. 0-0 Rxc5 20. Qb2 Bxf3 21. gxf3 Rh5 22. f4 Qh4 23. f3 Rha5 24. Bb1 e5 25. Qd2 Nf8 26. fxe5 Rxe5 27. f4 Re7 28. Rf3 Rd7 29. Qe1 Qf6 30. Qg3 Ra1 31. Rff1 Ra3 32. Qf2 Qd8 33. Rfe1 Ra5 34. Be4 Rd2 35. Re2 Raa2 36. Rxd2 Rxd2 37. Qe1 Rb2 38. Qc3 Qb6 39. Bd5 Rb4 40. Kh1 Qb5 1/2-1/2

[Event "Maidstone Menchik op"]
[Site "Maidstone"]
[Date "1994.??.??"]
[Round "7"]
[White "McNab, Colin Anderson"]
[Black "Dickenson, Neil F"]
[Result "0-1"]
[WhiteElo "2460"]
[BlackElo "2250"]
[PlyCount "68"]
[EventDate "1994.??.??"]
[EventType "swiss"]
[EventRounds "9"]
[EventCountry "ENG"]
[SourceTitle "EXT 1997"]
[Source "ChessBase"]
[SourceDate "1996.11.15"]
[SourceVersion "1"]
[SourceVersionDate "1996.11.15"]
[SourceQuality "1"]

1. c4 g6 2. g3 Bg7 3. Bg2 e5 4. Nc3 d6 5. d3 f5 6. e4 Nf6 7. Nge2 0-0 8. 0-0 a5 9. exf5 gxf5 10. Bg5 c6 11. d4 Qc7 12. Qd2 Na6 13. Rad1 exd4 14. Nxd4 Nc5 15. Rfe1 Qf7 16. Qf4 Ng4 17. Be7 Re8 18. Qxd6 Ne4 19. Nxe4 fxe4 20. Nxc6 bxc6 21. Qxc6 Bf5 22. Bc5 Ne5 23. Qb5 Nd3 24. Re3 Bd7 25. Qb6 Rab8 26. Rxe4 Rxb6 27. Bxb6 Ne5 28. f4 Bg4 29. Rd6 Nd7 30. c5 Rxe4 31. Bxe4 Qe7 32. Bd5+ Kh8 33. Bxa5 Qe3+ 34. Kf1 Qe2+ 0-1